Estadísticas para Adivina los subgéneros del rock

Haz click aquí para intentar la prueba.

Estadísticas generales

  • Esta prueba ha sido intentada 32 veces
  • La puntuación promedio es 9 de 30

Estadísticas de respuestas

HintRespuesta% Correcto
Intenta replicar y potenciar las experiencias con drogas psicotrópicas.Rock Psicodélico
85%
Utiliza la escala de acordes e improvisación instrumental del blues.Blues Rock
67%
Movimiento de los años '90 que reivindica sonidos tradicionales del rock británico bajo el prisma del Rock Alternativo.Britpop
52%
Nace en la década de 1950 y se caracteriza por un ritmo rápido y muy marcado, una melodía sencilla y una instrumentación basada en las guitarras eléctricas.Rock and Roll
52%
Se caracteriza por una performance vocal gritona, así como la destreza y agresividad en la guitarra y la percusión, siendo comunes los "solos".Hard Rock
48%
Asociado con armonías complejas, virtuosismo instrumental y estructuras de canciones de varias secciones.Rock Progresivo
44%
Rock Alternativo que toma influencias de las diferentes culturas latinoamericanas, con una particular inclinación por el Ska.Alterlatino
41%
Crea sonoridades atmosféricas destinadas a evocar escenarios de ciencia ficción.Space Rock
41%
Toma influencias del punk y el metal, empleando distorsiones más densas y un lirismo pesimista.Grunge
37%
Se caracteriza por patrones rítmicos complejos y estructuras melódicas que a menudo presentan compases extraños, resultando en un sonido "calculado".Math Rock
37%
Canciones instrumentales cortas con ritmos de Rock & Roll superpuestos con alegres melodías tocadas con una guitarra en reverb.Surf Rock
37%
Pone énfasis en melodías memorables y accesibles.Pop Rock
33%
Influenciado por los avances en la música electrónica, creando sonidos mecánicos y distorsionados.Rock Industrial
33%
Caracterizado por su composición tenue, a menudo sombría, y sus tempos lentos.Slowcore
33%
Predomina el uso de instrumentación acústica, con arreglos relativamente simples.Folk Rock
30%
Resignificación del Pop Rock, más guitarrero, con una estructura de canción más directa e hiperactiva.Power Pop
30%
Surge a finales de los '60 y se distingue por su crudeza y energía, empleando melodías de guitarra simples, descuidadas y distorsionadas, además de gritos frecuentes.Garage Rock
26%
Subgénero del Rock Psicodélico originado en Alemania, de carácter más vanguardista y a menudo hace énfasis en sintetizadores repetitivos.Krautrock
26%
Melodías pegadizas acompañadas de un fuerte sentido de teatralidad.Glam Rock
22%
Tipo de Pop Rock bastante ochentero, de ritmos entrecortados, a menudo dependiente de sintetizadores y secciones de percusión típicamente intrincadas.New Wave
22%
Sonido opulento, influenciado por estilos más suaves de R&B, popular a finales de la década de 1970 y a menudo asociado con California.Yacht Rock
22%
Utiliza influencias externas o experimenta con fines conceptuales o temáticos, sin llegar al caos.Art Rock
19%
Pone énfasis en los grooves.Funk Rock
19%
Caracterizado por un sonido etéreo y ruidoso, creados por el uso extensivo de múltiples pedales de efectos, como distorsión, reverberación y retardo.Shoegaze
19%
Surge a finales de los '70, caracterizado por una producción elegante y épica, recurrente a las "Power Ballads".AOR
15%
Aparece como una respuesta a la forma de hacer rock mainstream de los '80, intentando desligarse de los conceptos más grandiosos y performativos de la época.Rock Alternativo
15%
Recupera la tradición musical estadounidense, y posee un lirismo "consciente", enfocado en la clase trabajadora.Heartland Rock
11%
Elabora canciones extensas y emotivas, bajo la influencia de la música electrónica, con énfasis en el timbre, la textura y la atmósfera.Post Rock
11%
Nace en los años '90 y se caracteriza por una performance modesta y poca complejidad del apartado instrumental.Indie Rock
7%
Evita la accesibilidad y las convenciones, empleando técnicas no asociadas tradicionalmente con el rock.Rock Experimental
4%

Distribución de puntuación

Porcentaje por número respondido

Porcentaje de gente con cada puntuación

Historial de tus puntuaciones

No has intentado esta prueba.